000 00914cab a2200277 4500
001 ABS59398
008 090401t1998 xxu||||| |||| 00| 0 eng d
035 _a(Sirsi) u89417
041 _aeng
245 _aTender price forecast
260 _c1998
350 _a0
490 _aBuilding
_v263(8061) 23 October 1998, 66-68(3)
520 _aDavis Langdon Everest`s tender price forecast for 3Q 1998 finds steady growth, but warns of global economic forecasts impacting construction over the next 12 months. Tables and graphs.
650 _aBUILDING COST INDEX
650 _aBUILT ENVIRONMENT-BUILDING COSTS
650 _aCONSTRUCTION OUTPUT
650 _aCONSTRUCTION WORKLOAD
650 _aDAVIS LANGDON EVEREST
650 _aECONOMIC FORECASTS
650 _aTENDER PRICE FORECAST
650 _aTENDER PRICES
690 _aBUILT ENVIRONMENT-BUILDING COSTS
942 _n0
948 _c03/11/1998
999 _c56562
_d56562